Normal view
MARC view
Entry Corporate Name
001 - CONTROL NUMBER
- control field: 25148
003 - CONTROL NUMBER IDENTIFIER
- control field: ARRUPE
005 - DATE AND TIME OF LATEST TRANSACTION
- control field: 20160816115440.0
008 - FIXED-LENGTH DATA ELEMENTS
- fixed length control field: 160816|| aca||aabn | a|a d
040 ## - CATALOGING SOURCE
- Original cataloging agency: ARRUPE
- Transcribing agency: ARRUPE
110 ## - HEADING--CORPORATE NAME
- Corporate name or jurisdiction name as entry element: U.S.S.R.
- General subdivision: Party work.
670 ## - SOURCE DATA FOUND
- Source citation: Work cat.: (ARRUPE)0: Krivoruchenko, Vladimar Koustantinovich 25147, Youth and the Party :, 1976.